000
003350000a22001450004500
005
20120302065129.0
942
_c
BOOK
100
_a
Khandekar, Pra.Bhalchandra
245
_a
Gabal (Dadasaheb Malhari More)
260
_a
Pune:Anmol Prakashan
300
_a
65p
040
_a
Mar
365
_b
10/-
650
_a
Atmakathan, Sankeerna
999
_c
363974
_d
363971